000 00924cam a2200157ua 4500
041 _aeng
_h
082 _a614.8
_bBUR/SA
110 1 _aBureau of Indian Standards .
_b
_c(New Delhi )
245 _aSafety code for demolition of buildings /
_cBureau of Indian Standards.
_hTextual Documents
250 _a1 /
_b.
260 _aNew Delhi :
_bBureau of Indian standards ,
_c1988.
300 _a19 ; .
504 _a
942 _cBK
999 _c7061
_d7061